Stolice z hiszpańskimi nazwami - Statystyki

Ogólne statystyki
  • Ten quiz został rozwiązany 53 razy
  • Średni wynik to 4 z 8
Statystyki odpowiedzi
Polski Hiszpański % Poprawnych
Święty Dominik Santo Domingo
89%
Święty Józef San José
85%
Pomyślne wiatry Buenos Aires
57%
Święty Zbawiciel San Salvador
47%
Święty Jakub Santiago
45%
Pokój La Paz
38%
Przypuszczenie Asunción
32%
Miasto Pokoju Ciudad de la Paz
19%
Nie znaleziono quizów pasujących do podanych kryteriów
Rozkład punktacji
Procent ludzi z każdym wynikiem
Percentyl według liczby udzielonych odpowiedzi
Twoja historia wyników
Nie rozwiązałeś tego quizu